Tanks of World War II - Statistics

General Stats
  • This quiz has been taken 60 times
  • The average score is 10 of 20
Answer Stats
Hint Answer % Correct
Nazi Tank Panzer V
90%
Nazi Tank Panzer III
88%
Nazi Tank Panzer IV
88%
Soviet Tank T-34
88%
Nazi Tank Panzer I
87%
Nazi Tank Panzer II
87%
American Tank Sherman
69%
Nazi Tank Tiger I
69%
Nazi Tank Tiger II
69%
Soviet Tank KV-1
63%
Soviet Tank KV-2
62%
Soviet Tank T-28
33%
Soviet Tank T-26
29%
Soviet Tank T-70
27%
Soviet Tank T-60
25%
American Tank Light Tank M3
19%
British Tank Matilda II
15%
Fake Tank Dummy Tank
6%
Soviet Tank T-64
6%
British Tank Hobart’s Funnies
4%
No matching quizzes found
Score Distribution
Percent of People with Each Score
Percentile by Number Answered
Your Score History
You have not taken this quiz